000 00474nam a2200181 a 4500
001 6167
003 CO-ViMGA
008 141112s2004 ck r 000 u spa d
040 _aCO-ViMGA
_bspa
_cCO-ViMGA
082 0 4 _aRODch
100 1 _aRodríguez, Susana
_94826
245 1 0 _aLos chicos hacemos una obra de teatro
260 _aBuenos Aires :
_bAlbatros,
_c1992
300 _a59 p : il
490 _aTusmaravillas
650 1 4 _aCUENTOS INFANTILES
_92743
942 _2ddc
_cBK
999 _c18140
_d18140